Estimation of parameters in heteroscedastic linear models.

Analýza lineárnych regresných modelov s nehomogénnymi variáciami chýb. Uvažuje sa všeobecná situácia, kedy je variácia chyby hladkou funkciou hodnôt premenných regresora. Návrh procedúry pre konštrukciu odhadu a ilustrácia na príklade.

Gespeichert in:
Bibliographische Detailangaben
1. Verfasser: Mak, T.K
Format: Buchkapitel
Sprache:Englisch
Schlagworte:
Tags: Tag hinzufügen
Keine Tags, Fügen Sie das erste Tag hinzu!

MARC

LEADER 00000naa a2200000 4500
001 r009959
005 20221213085045.2
041 0 |a eng 
044 |a GB 
245 1 0 |a Estimation of parameters in heteroscedastic linear models.  |c T.K. Mak 
520 |a Analýza lineárnych regresných modelov s nehomogénnymi variáciami chýb. Uvažuje sa všeobecná situácia, kedy je variácia chyby hladkou funkciou hodnôt premenných regresora. Návrh procedúry pre konštrukciu odhadu a ilustrácia na príklade. 
610 2 0 |a modely lineárne 
610 2 0 |a metódy matematicko-štatistické 
610 2 0 |a modely regresné 
100 1 |a Mak, T.K.